|
วิทยาลัยพยาบาลบรมราชชนนี ยะลา |
|
แสดงรายละเอียดบรรณานุกรม |
|
|
Brief Record
: Get Marc (ISO 2709)
: E-mail record
: |
|
|
|
| LEADER 00000nam 2200000uu 4500 | |||
| 001 3851 | |||
| 003 ULIBM | |||
| 008 260423s2568||||th 000 0 tha d | |||
| 020 ^a9786161880538 | |||
| 050 4 ^aBF441^bพ111ส | |||
| 100 0 ^aพก,จูฮวัน | |||
| 245 10 ^aสมองแห่งความสำเร็จของนักจัดระเบียบความคิด/^cพกจูฮวัน,เขียน สุมาลี สูนจันทร์,แปล | |||
| 250 ^aพิมพ์ครั้งที่ 4 | |||
| 260 ^aกรุงเทพฯ :^bอมรินทร์ฮาวทู,^c2568. | |||
| 300 ^a272หน้า :^bภาพประกอบ;^c21 ซม. | |||
| 650 7 ^aจิตวิทยาประยุกต์ | |||
| 650 7 ^aการพัฒนาตนเอง | |||
| 700 0 ^aสุมาลี สูนจันทร์,แปล | |||
| 999 ^aฮัซวานี | |||
| คุณยังไม่ได้ล็อกอิน คุณสามารถมีกิจกรรมร่วมกับเว็บไซต์ได้ แต่ต้องล็อกอินก่อน :: |
|
| สถานะ | |||||||||
| 1. | หนังสือทั่วไป | BF441 พ111ส 2568 ฉ.1 | ►หนังสือทั่วไปภาษาไทย | On Shelf | |||||
| [แสดง 1/1 รายการ] | |||||||||
BibComment |
| คอมเมนท์ทรัพยากรรายการนี้ |
|
|